000 00454nam a2200145Ia 4500
008 210716s2015 xx 000 0 und d
020 _a9788126552771
041 _aeng
082 _a005.1372 SALD
100 _aSale, David.
245 _aTesting python: applying unit testing tdd bdd and acceptance testing.
_bApplying unit testing tdd bdd and acceptance testing.
250 _a1
260 _aNew Delhi
_bWiley India Pvt Ltd
_c2015
300 _axv,222
999 _c194272
_d194272